बिखरे तिनके / (Record no. 114995)
[ view plain ]
| 000 -LEADER | |
|---|---|
| fixed length control field | 00970nam a22002777a 4500 |
| 003 - CONTROL NUMBER IDENTIFIER | |
| control field | dpl |
| 005 - DATE AND TIME OF LATEST TRANSACTION | |
| control field | 20180830143424.0 |
| 008 - FIXED-LENGTH DATA ELEMENTS--GENERAL INFORMATION | |
| fixed length control field | 180830b xxu||||| |||| 00| 0 eng d |
| 010 ## - LIBRARY OF CONGRESS CONTROL NUMBER | |
| LC control number | A-967966 |
| 020 ## - INTERNATIONAL STANDARD BOOK NUMBER | |
| Terms of availability | 00.00 |
| 035 ## - SYSTEM CONTROL NUMBER | |
| System control number | A-967966, A-967993 |
| 037 ## - SOURCE OF ACQUISITION | |
| Source of stock number/acquisition | Cen Lib/Ret |
| 040 ## - CATALOGING SOURCE | |
| Original cataloging agency | DPL |
| Language of cataloging | HN |
| Transcribing agency | 0 |
| 082 ## - DEWEY DECIMAL CLASSIFICATION NUMBER | |
| Classification number | उ |
| Item number | नागर |
| 100 ## - MAIN ENTRY--PERSONAL NAME | |
| Personal name | नागर, अमृतलाल |
| 9 (RLIN) | 59381 |
| 245 ## - TITLE STATEMENT | |
| Title | बिखरे तिनके / |
| Statement of responsibility, etc | अमृतलाल नागर |
| 246 ## - VARYING FORM OF TITLE | |
| Title proper/short title | Bikhre tinke / |
| Remainder of title | by Amritlal Nagar |
| 260 ## - PUBLICATION, DISTRIBUTION, ETC. (IMPRINT) | |
| Place of publication, distribution, etc | दिल्ली |
| Name of publisher, distributor, etc | राजपाल |
| 270 ## - ADDRESS | |
| City | दिल्ली |
| 300 ## - PHYSICAL DESCRIPTION | |
| Extent | 104पृ. |
| Dimensions | 21मी(सजिल्द) |
| 650 ## - SUBJECT ADDED ENTRY--TOPICAL TERM | |
| Topical term or geographic name as entry element | हिन्दी साहित्य |
| 9 (RLIN) | 59382 |
| 650 ## - SUBJECT ADDED ENTRY--TOPICAL TERM | |
| Topical term or geographic name as entry element | हिन्दी साहित्य -- उपन्यास |
| 9 (RLIN) | 46379 |
| 650 ## - SUBJECT ADDED ENTRY--TOPICAL TERM | |
| Topical term or geographic name as entry element | Hindi literature |
| 9 (RLIN) | 59383 |
| 650 ## - SUBJECT ADDED ENTRY--TOPICAL TERM | |
| Topical term or geographic name as entry element | Hindi literature -- Fiction |
| 9 (RLIN) | 59384 |
| 942 ## - ADDED ENTRY ELEMENTS (KOHA) | |
| Source of classification or shelving scheme | Dewey Decimal Classification |
| Koha item type | Hindi Books |
| Classification part | उ |
| Call number suffix | नागर |
| Withdrawn status | Lost status | Damaged status | Not for loan | Home library | Current library | Date acquired | Source of acquisition | Cost, normal purchase price | Total Checkouts | Full call number | Barcode | Date last seen | Date checked out | Copy number | Cost, replacement price | Price effective from | Koha item type | Source of classification or shelving scheme | Collection code | Total Renewals |
|---|---|---|---|---|---|---|---|---|---|---|---|---|---|---|---|---|---|---|---|---|
| Central Library | Central Library | 19/08/2015 | Cen Lib/Ret | 0.00 | 4 | उ नागर | A-967966 | 18/11/2022 | 05/11/2022 | 1 | 0.00 | 19/08/2015 | Hindi Books | |||||||
| Sarojini Nagar | Sarojini Nagar | 11/08/2018 | उ नागर | A-968006 | 11/08/2018 | 11/08/2018 | Hindi Books | Dewey Decimal Classification | Fiction | |||||||||||
| Shahdara Branch | Shahdara Branch | 30/08/2018 | BPPD/PUB | 75.00 | 2 | उ नागर | A-967993 | 08/04/2019 | 01/04/2019 | 75.00 | 30/08/2018 | Hindi Books | Dewey Decimal Classification | Non-fiction | 2 |
